00471 2200181 4500001002100000005001500021008004100036020002200077035001900099041000700118082000800125090001300133100001800146245003000164260004500194300003000239650002000269INLIS00000000000874920241224113713241224||||||||| | ||| |||| || |  a978-979-27-5006-5 0010-1224008749 aid0 a599 a599 KOEa0 aKOEN SETYAWAN00aAnimal Survival: Bekantan aJakartabPT. Elex Media Komputindoc2009 a23x19 cm, 32 hlm.; ilus.: 0aIlmu-ilmu Murni